02106naa a2200181 a 450000100080000000500110000800800410001910000190006024500680007926000090014730000110015652015350016765300130170265300210171570000160173670000190175277301530177110551882007-09-11 1989 bl uuuu u00u1 u #d1 aDALAGNOL, C.A. aControle integrado da verminose bovina no Planalto Catarinense. c1989 ap. 49. aObjetivando difundir sistemas de tratamentos anti-helmintico foram instalados experimentos em 8 propriedades de 5 municipios do Planalto Catarinense assim distribuidos: Lages, Campo Belo do Sul, Curitibanos, Campo Novos e Cacador em propriedades que utilizam pastagem cultivares de inverno, em Lages, Campo Belo do Sul, Curitibanos em propriedades com somente pastagem nativa. 20 animais nascidos em setembro de 1985, foram acompanhados em cada propriedade com pesagens e exames coprologicos a cada 45 dias e dosificados conforme tratamento. Para propriedades com pastagem cultivada 10 animais foram medicados em fevereiro, antes do desmame por volta do 4?? mes de vida dos terneiros , 10 animais nao receberam nenhuma medicacao. Apos o desmame novamente 2 lotes de 10 animais sendo que um lote passou a receber dosificacao a cada 45 dias durante o ano, outro lote em junho, outubro e fevereiro. Nas propriedades com somente campo nativo, diferenciaram somente nos tratamentos apos o desmame onde 10 animais foram dosificados em junho, outubro e fevereiro de cada ano, os outros 10 nao receberam nenhuma dosificacao. Em todas as propriedades as avaliacoes se estenderam ate o minimo de 380 kg de peso vivo. Resultados em pastagem cultivada, ganho adicional, tratamento de 45 x 45 dias: Lages + 22,95, Campo Belo do Sul + 17,35; Curitibanos + 2,25, Campos Novos + 31,7, Cacador - 1,4. Em pastagem nativa tratamento junho, outubro e fevereiro os ganhos adicionais foram: Lages + 34,2, Campo Belo do Sul - 15,95, Curitibanos + 48,6. aControle aVerminose bovina1 aRAMOS, C.I.1 aCOSTA, F.S.da. tIn: SEMINARIO BRASILEIRO DE PARASITOLOGIA VETERINARIA, 6., 1989, Bage, RS. Anais... Bage, RS: Colegio Brasileiro de Parasitologia Veterinaria, 1989.